| 000 | 00524nam a2200217Ia 4500 | ||
|---|---|---|---|
| 003 | OSt | ||
| 005 | 20220924134523.0 | ||
| 006 | a|||||r|||| 00| 0 | ||
| 007 | ta | ||
| 008 | 220923b |||||||| |||| 00| 0 rus d | ||
| 024 | _a275191 | ||
| 037 | _cTextual | ||
| 040 |
_aARTS _cARTS _brus |
||
| 041 |
_2rus _arus |
||
| 082 | _aV2, E6 | ||
| 245 | 0 |
_aDebates on Indian affairs _b House of commons Session 1916 |
|
| 260 | _c1916 | ||
| 650 | _aHISTORY | ||
| 942 |
_hV2, E6 _cTEXL _2CC |
||
| 999 |
_c437582 _d437582 |
||